Responses for Show #4047 - Tuesday, March 19, 2002

(Sofia: A great show coming up--you can bet on it.)

Contestants

[<< previous game]

Matt Scarpino, an electrical engineer for the United States Air Force from Dayton, Ohio

Linda de Sosa, a leisure travel consultant from Houston, Texas

Karen Lempert, a librarian from Walpole, Massachusetts (whose 1-day cash winnings total $19,200)

[next game >>]

Jeopardy! Round responses

HONEY
TAKE A GAMBLE
TV SHOWS BY CHARACTER
SIGNS & SYMBOLS
AMERICAN MEMORIALS
HALLOWED "GROUND"
    $200 1
(Matt: What is 2 quarts?)
(Linda: What is 7/8 of a cup?)
---
(Alex: Yeah, they don't live all that long.)

1/12 of a teaspoon

KarenLindaMatt
    $200 13
(Matt: What is 21?)

an ace

LindaMatt
    $200 11
M*A*S*H

Matt
    $200 18
victory

Matt
    $200 23
the Vietnam Veterans Memorial

Linda
    $200 4
the groundhog

Matt
    $400 2
Winnie-the-Pooh

Matt
    $400 14
Monaco

Linda
    $400 12
Cheers

Linda
    $400 19
Uncle Sam

Karen
    $400 24
the Bay of Pigs

Linda
    $400 5
(Linda: What is groundhog?)

ground squirrel

Linda
Triple Stumper
    $600 3
6

Matt
    $600 15
7 or 11

Linda
    $600 20
Futurama

Triple Stumper
    $600 28
dragon

Linda
    $600 25
the Marines

Matt
    $600 6
ground control

Karen
    $800 9
mead

Matt
    $800 16
the daily double

Linda
    $800 21
Sex and the City

Matt
    $3,000 29
Monday

Linda
    $800 26
(Alex: Less than a minute now.)

Robert E. Lee

Karen
    $800 7
background

Matt
    $1000 10
clover

Karen
    $1000 17
Atlantic City

Matt
    $1000 22
L.A. Law

Linda
    $1000 30
the Underground Railroad

Karen
    $1000 27
Mount Rushmore & Stone Mountain

Linda
    $1000 8
a groundswell

Karen

Scores at the first commercial break (after clue 15):

Karen Linda Matt
$2,800 $1,000 $2,600

Scores at the end of the Jeopardy! Round:

Karen Linda Matt
$5,000 $8,000 $5,200

Double Jeopardy! Round responses

FAMOUS FRENCH FOLKS
ACTORS & THEIR ROLES
FLIGHT
THE NEWSPAPER BIZ
MUSIC APPRECIATION
CHAIN LETTERS
(Alex: Each correct response will be made up of letters from the word "chain." Keep that in mind.)
    $400 14
Marie Antoinette

Matt
    $400 7
(Paul) Hogan

Matt
    $400 1
(Karen: What's a helicopter?)

a (hot-air) balloon

KarenLinda
    $400 26
St. Louis

Linda
    $400 3
a lullaby

Matt
    $400 21
Cain

Linda
    $800 17
de Gaulle

Matt
    $800 8
Dudley Do-Right

Karen
    $800 2
(Alex: Hey, the Air Force guy got it!)

the B-2

Matt
    $800 27
(Ben) Bradlee

Matt
    $800 4
(Matt: What is The Inferno?)

Dante

KarenMatt
    $800 22
a can

Matt
    $1200 18
Seurat

Matt
    $1200 13
Liam Neeson

Linda
    $1200 10
Sikorsky

Matt
    $1,000 28
Reuters

Matt
    $1200 5
(George Frederic) Handel

Matt
    $1200 23
the Han

Matt
    $1600 19
Sarah Bernhardt

Matt
    $1600 15
Pierce Brosnan

Matt
    $1600 11
the Zero

Matt
    $1600 29
(Linda: What is Hearst?)

the Times Mirror Company

Linda
Triple Stumper
    $2,000 6
(Matt: What is a reed?)

the mouthpiece

Matt
    $1600 24
(Alex: Minute to go now.)

Chan

Matt
    $2000 20
(Alex: This georges
was [*].)

Pompidou

Triple Stumper
    $2000 16
James Joyce

Matt
    $2000 12
Lakehurst, New Jersey

Triple Stumper
    $2000 30
(Matt: Who is Pulitzer?)

Adolph Ochs

Matt
Triple Stumper
    $2000 9
Peer Gynt

Linda
    $2000 25
Ah

Matt

Scores at the end of the Double Jeopardy! Round:

Karen Linda Matt
$6,200 $10,800 $21,000

[wagering suggestions for these scores]

Final Jeopardy! Round responses

ARTISTS
KarenWho is Marc Chagall?
$6,000
LindaWho is Chagall?
$10,793
MattWho is Marc Chagall?
$1,000
Marc Chagall

Final scores:

Karen Linda Matt
$12,200 $21,593 $22,000
3rd place: Trip for 2 to Las Vegas 2nd place: London theatre getaway for 2 New champion: $22,000

Game dynamics:

Coryat scores:

Karen Linda Matt
$6,200 $8,600 $23,200
9 R,
1 W
16 R
(including 1 DD),
3 W
28 R
(including 1 DD),
5 W
(including 1 DD)

Combined Coryat: $38,000

[game clues] [game scores] [suggest correction]

Game tape date: 2001-12-11
The J! Archive is created by fans, for fans. Scraping, republication, monetization, and malicious use prohibited; this site may use cookies and collect identifying information. See terms. The Jeopardy! game show and all elements thereof, including but not limited to copyright and trademark thereto, are the property of Jeopardy Productions, Inc. and are protected under law. This website is not affiliated with, sponsored by, or operated by Jeopardy Productions, Inc. Join the discussion at JBoard.tv.